La Guyane en images - Statistiques

Statistiques générales
  • Ce quiz a été pris 260 fois
  • Le résultat moyen est 12 sur 18
Statistiques - réponses
Par images Hint Réponse % Correct
Préfecture Cayenne
98%
Festivités durant plusieurs semaines chaque début d'année Carnaval
87%
Célèbre lanceur Ariane 5
86%
Port européen de l'espace Kourou
86%
Mode de transport pour circuler à l'intérieur de la Guyane Pirogue
82%
Langue régionale très répandue Créole guyanais
80%
Sous préfecture sur ce fleuve Saint-Laurent du Maroni
79%
Personnalité politique d'envergure nationale Christiane Taubira
78%
Fleuve frontalier avec le Suriname Maroni
72%
"Farine" à la base de l'alimentation traditionnelle Couac
66%
L'un des lieux du bagne Iles du {Salut}
66%
Il y a passé injustement 4 années Alfred Dreyfus
61%
Commune de France la plus étendue Maripasoula
56%
Peuples autochtones de Guyane Amérindiens
52%
"Logement" traditionnel Carbet
51%
Papillon emblématique Morpho
48%
Autre sous-préfecture Saint-Georges de l'Oyapock
37%
Ancien footballeur Florent Malouda
33%
Aucun quiz correspondant
Distribution des résultats
% des personnes avec chaque résultat
Percentile par nombre de réponses
Votre historique - résultats
Vous n’avez pas pris ce quiz